All Rafael Nadal Career Losses - Statistics

General Stats
  • This quiz has been taken 150 times
    84 since last reset
  • The average score is 141 of 226
Answer Stats
Year Tournament Category Round Player % Correct
2005 Miami Masters 1000 F Roger Federer
100%
2006 Wimbledon Grand Slam F Roger Federer
100%
2006 Shanghai ATP Finals F Roger Federer
100%
2007 Hamburg Masters 1000 F Roger Federer
100%
2007 Wimbledon Grand Slam F Roger Federer
100%
2007 Shanghai ATP Finals SF Roger Federer
100%
2009 Madrid Masters 1000 F Roger Federer
100%
2010 London ATP Finals F Roger Federer
100%
2011 London ATP Finals RR Roger Federer
100%
2012 Indian Wells Masters 1000 SF Roger Federer
100%
2015 Basel ATP 500 F Roger Federer
100%
2017 Australian Open Grand Slam F Roger Federer
100%
2017 Indian Wells Masters 1000 R16 Roger Federer
100%
2017 Miami Masters 1000 F Roger Federer
100%
2017 Shanghai Masters 1000 F Roger Federer
100%
2019 Wimbledon Grand Slam SF Roger Federer
100%
2007 Miami Masters 1000 QF Novak Djokovic
98%
2007 Montreal Masters 1000 SF Novak Djokovic
98%
2008 Indian Wells Masters 1000 SF Novak Djokovic
98%
2008 Cincinnati Masters 1000 SF Novak Djokovic
98%
2009 Cincinnati Masters 1000 SF Novak Djokovic
98%
2009 Paris Masters 1000 SF Novak Djokovic
98%
2009 London ATP Finals RR Novak Djokovic
98%
2011 Indian Wells Masters 1000 F Novak Djokovic
98%
2011 Miami Masters 1000 F Novak Djokovic
98%
2011 Madrid Masters 1000 F Novak Djokovic
98%
2011 Rome Masters 1000 F Novak Djokovic
98%
2011 Wimbledon Grand Slam F Novak Djokovic
98%
2011 US Open Grand Slam F Novak Djokovic
98%
2012 Australian Open Grand Slam F Novak Djokovic
98%
2013 Monte Carlo Masters 1000 F Novak Djokovic
98%
2013 Beijing ATP 500 F Novak Djokovic
98%
2013 London ATP Finals F Novak Djokovic
98%
2014 Miami Masters 1000 F Novak Djokovic
98%
2014 Rome Masters 1000 F Novak Djokovic
98%
2015 Monte Carlo Masters 1000 SF Novak Djokovic
98%
2015 Roland Garros Grand Slam QF Novak Djokovic
98%
2015 Beijing ATP 500 F Novak Djokovic
98%
2015 London ATP Finals SF Novak Djokovic
98%
2016 Doha ATP 250 F Novak Djokovic
98%
2016 Indian Wells Masters 1000 SF Novak Djokovic
98%
2016 Rome Masters 1000 QF Novak Djokovic
98%
2018 Wimbledon Grand Slam SF Novak Djokovic
98%
2019 Australian Open Grand Slam F Novak Djokovic
98%
2020 ATP Cup F Novak Djokovic
98%
2021 Roland Garros Grand Slam SF Novak Djokovic
98%
2024 Paris Olympics R32 Novak Djokovic
98%
2019 London ATP Finals RR Alexander Zverev
94%
2020 Paris Masters 1000 SF Alexander Zverev
94%
2021 Madrid Masters 1000 QF Alexander Zverev
94%
2024 Roland Garros Grand Slam R128 Alexander Zverev
94%
2008 US Open Grand Slam SF Andy Murray
92%
2009 Rotterdam ATP 500 F Andy Murray
92%
2010 Australian Open Grand Slam QF Andy Murray
92%
2010 Toronto Masters 1000 SF Andy Murray
92%
2011 Tokyo ATP 500 F Andy Murray
92%
2015 Madrid Masters 1000 F Andy Murray
92%
2016 Madrid Masters 1000 SF Andy Murray
92%
2022 Madrid Masters 1000 QF Carlos Alcaraz
92%
2019 Madrid Masters 1000 SF Stefanos Tsitsipas
89%
2021 Australian Open Grand Slam QF Stefanos Tsitsipas
89%
2014 Australian Open Grand Slam F Stan Wawrinka
88%
2015 Rome Masters 1000 QF Stan Wawrinka
88%
2015 Paris Masters 1000 QF Stan Wawrinka
88%
2020 London ATP Finals RR Daniil Medvedev
86%
2004 Stuttgart ATP 500 QF David Ferrer
84%
2007 US Open Grand Slam R16 David Ferrer
84%
2007 Shanghai ATP Finals RR David Ferrer
84%
2011 Australian Open Grand Slam QF David Ferrer
84%
2013 Paris Masters 1000 SF David Ferrer
84%
2014 Monte Carlo Masters 1000 QF David Ferrer
84%
2016 Buenos Aires ATP 250 SF Dominic Thiem
84%
2017 Rome Masters 1000 QF Dominic Thiem
84%
2018 Madrid Masters 1000 QF Dominic Thiem
84%
2019 Barcelona ATP 500 SF Dominic Thiem
84%
2020 Australian Open Grand Slam QF Dominic Thiem
84%
2020 London ATP Finals RR Dominic Thiem
84%
2009 Miami Masters 1000 QF Juan Martín del Potro
78%
2009 Montreal Masters 1000 QF Juan Martín del Potro
78%
2009 US Open Grand Slam SF Juan Martín del Potro
78%
2013 Shanghai Masters 1000 SF Juan Martín del Potro
78%
2016 Rio de Janeiro Olympics SF Juan Martín del Potro
78%
2018 US Open Grand Slam SF Juan Martín del Potro
78%
2009 Beijing ATP 500 SF Marin Čilić
78%
2018 Australian Open Grand Slam QF Marin Čilić
78%
2021 Monte Carlo Masters 1000 QF Andrey Rublev
77%
2008 Australian Open Grand Slam SF Jo-Wilfried Tsonga
77%
2011 Queen's Club ATP 250 QF Jo-Wilfried Tsonga
77%
2011 London ATP Finals RR Jo-Wilfried Tsonga
77%
2015 Shanghai Masters 1000 SF Jo-Wilfried Tsonga
77%
2014 Wimbledon Grand Slam R16 Nick Kyrgios
77%
2017 Cincinnati Masters 1000 QF Nick Kyrgios
77%
2019 Acapulco ATP 500 R16 Nick Kyrgios
77%
2009 Roland Garros Grand Slam R16 Robin Söderling
75%
2009 London ATP Finals RR Robin Söderling
75%
2023 United Cup RR Alex de Minaur
72%
2024 Barcelona ATP 500 R32 Alex de Minaur
72%
2009 Doha ATP 250 QF Gaël Monfils
72%
2012 Doha ATP 250 SF Gaël Monfils
72%
2004 US Open Grand Slam R64 Andy Roddick
70%
2008 Dubai ATP 500 QF Andy Roddick
70%
2010 Miami Masters 1000 SF Andy Roddick
70%
2022 Indian Wells Masters 1000 F Taylor Fritz
70%
2022 Turin ATP Finals RR Taylor Fritz
70%
2015 Montreal Masters 1000 QF Kei Nishikori
69%
2016 Rio de Janeiro Olympics Bronze Match Kei Nishikori
69%
2012 Madrid Masters 1000 R16 Fernando Verdasco
67%
2015 Miami Masters 1000 R32 Fernando Verdasco
67%
2016 Australian Open Grand Slam R128 Fernando Verdasco
67%
2014 Basel ATP 500 QF Borna Ćorić
66%
2016 Cincinnati Masters 1000 R16 Borna Ćorić
66%
2022 Cincinnati Masters 1000 R32 Borna Ćorić
66%
2015 Rio de Janeiro ATP 500 SF Fabio Fognini
66%
2015 Barcelona ATP 500 R16 Fabio Fognini
66%
2015 US Open Grand Slam R32 Fabio Fognini
66%
2019 Monte Carlo Masters 1000 SF Fabio Fognini
66%
2016 Beijing ATP 500 QF Grigor Dimitrov
66%
2024 Rome Masters 1000 R64 Hubert Hurkacz
66%
2017 Laver Cup RR John Isner
66%
2005 Cincinnati Masters 1000 R64 Tomáš Berdych
66%
2006 Toronto Masters 1000 R16 Tomáš Berdych
66%
2006 Madrid Masters 1000 QF Tomáš Berdych
66%
2015 Australian Open Grand Slam QF Tomáš Berdych
66%
2006 Cincinnati Masters 1000 QF Juan Carlos Ferrero
64%
2008 Rome Masters 1000 R32 Juan Carlos Ferrero
64%
2022 US Open Grand Slam R16 Frances Tiafoe
63%
2017 Montreal Masters 1000 R16 Denis Shapovalov
61%
2022 Rome Masters 1000 QF Denis Shapovalov
61%
2008 Miami Masters 1000 F Nikolay Davydenko
61%
2008 Paris Masters 1000 QF Nikolay Davydenko
61%
2009 Shanghai Masters 1000 F Nikolay Davydenko
61%
2009 London ATP Finals RR Nikolay Davydenko
61%
2010 Doha ATP 250 F Nikolay Davydenko
61%
2011 Doha ATP 250 SF Nikolay Davydenko
61%
2024 Davis Cup QF Botic van de Zandschulp
56%
2022 Turin ATP Finals RR Félix Auger-Aliassime
56%
2005 Wimbledon Grand Slam R64 Gilles Muller
56%
2017 Wimbledon Grand Slam R16 Gilles Muller
56%
2015 Indian Wells Masters 1000 QF Milos Raonic
56%
2017 Brisbane ATP 250 QF Milos Raonic
56%
2003 Umag ATP 250 SF Carlos Moyá
53%
2006 Miami Masters 1000 R64 Carlos Moyá
53%
2004 Australian Open Grand Slam R32 Lleyton Hewitt
53%
2004 Toronto Masters 1000 R64 Lleyton Hewitt
53%
2005 Australian Open Grand Slam R16 Lleyton Hewitt
53%
2006 Queen's Club ATP 250 QF Lleyton Hewitt
53%
2023 Australian Open Grand Slam R64 Mackenzie McDonald
53%
2024 Båstad ATP 250 F Nuno Borges
53%
2020 Rome Masters 1000 QF Diego Schwartzman
52%
2014 Halle ATP 250 R16 Dustin Brown
52%
2015 Wimbledon Grand Slam R64 Dustin Brown
52%
2017 Acapulco ATP 500 F Sam Querrey
52%
2007 Madrid Masters 1000 QF David Nalbandian
50%
2007 Paris Masters 1000 F David Nalbandian
50%
2020 ATP Cup QF David Goffin
48%
2003 Basel ATP 250 R32 Feliciano López
48%
2010 Queen's Club ATP 250 QF Feliciano López
48%
2014 Shanghai Masters 1000 R32 Feliciano López
48%
2015 Cincinnati Masters 1000 R16 Feliciano López
48%
2017 London ATP Finals RR David Gofffin
47%
2010 Bangkok ATP 250 SF Guillermo García López
47%
2024 Madrid Masters 1000 R16 Jiří Lehečka
47%
2024 Brisbane ATP 250 QF Jordan Thompson
47%
2016 US Open Grand Slam R16 Lucas Pouille
44%
2023 United Cup RR Cameron Norrie
42%
2003 Stuttgart ATP 500 R32 Fernando González
42%
2004 Miami Masters 1000 R16 Fernando González
42%
2007 Australian Open Grand Slam QF Fernando González
42%
2003 Hamburg Masters 1000 R16 Gastón Gaudio
42%
2004 Båstad ATP 250 QF Gastón Gaudio
42%
2005 Buenos Aires ATP 250 QF Gastón Gaudio
42%
2012 Wimbledon Grand Slam R64 Lukáš Rosol
41%
2003 Monte Carlo Masters 1000 R16 Guillermo Coria
39%
2014 Barcelona ATP 500 QF Nicolás Almagro
39%
2008 Madrid Masters 1000 SF Gilles Simon
36%
2004 Dubai ATP 500 QF Mikhail Youzhny
34%
2006 US Open Grand Slam QF Mikhail Youzhny
34%
2007 Dubai ATP 500 QF Mikhail Youzhny
34%
2008 Chennai ATP 250 F Mikhail Youzhny
34%
2013 Wimbledon Grand Slam R128 Steve Darcis
33%
2005 Doha ATP 250 QF Ivan Ljubičić
31%
2010 Indian Wells Masters 1000 SF Ivan Ljubičić
31%
2021 Washington ATP 500 R16 Lloyd Harris
31%
2011 Cincinnati Masters 1000 QF Mardy Fish
31%
2016 Shanghai Masters 1000 R32 Viktor Troicki
31%
2005 US Open Grand Slam R32 James Blake
28%
2006 Indian Wells Masters 1000 SF James Blake
28%
2006 Shanghai ATP Finals RR James Blake
28%
2014 Indian Wells Masters 1000 R32 Alexandr Dolgopolov
27%
2015 Queen's Club ATP 500 R32 Alexandr Dolgopolov
27%
2013 Santiago ATP 250 F Horacio Zeballos
27%
2016 Rio de Janeiro ATP 500 SF Pablo Cuevas
23%
2003 Barcelona ATP 500 R32 Àlex Corretja
19%
2003 Madrid Masters 1000 R64 Àlex Corretja
19%
2010 Cincinnati Masters 1000 QF Marcos Baghdatis
19%
2004 Milan ATP 250 R16 Mario Ančić
19%
2002 Mallorca ATP 250 R16 Olivier Rochus
17%
2007 Cincinnati Masters 1000 R32 Juan Mónaco
16%
2010 Shanghai Masters 1000 R16 Jürgen Melzer
16%
2012 Halle ATP 250 QF Philipp Kohlschreiber
16%
2004 Davis Cup RR Jiří Novák
14%
2011 Shanghai Masters 1000 R16 Florian Mayer
13%
2006 Stockholm ATP 250 R16 Joachim Johansson
13%
2007 Queen's Club ATP 250 QF Nicolas Mahut
13%
2008 Rotterdam ATP 500 R16 Andreas Seppi
11%
2016 Miami Masters 1000 R64 Damir Džumhur
11%
2006 Marseille ATP 250 SF Arnaud Clément
9%
2005 Valencia ATP 250 QF Igor Andreev
9%
2011 Montreal Masters 1000 R32 Ivan Dodig
9%
2014 Beijing ATP 500 QF Martin Kližan
9%
2004 Lyon ATP 250 R32 Julien Benneteau
8%
2004 Basel ATP 250 R32 Rainer Schüttler
8%
2003 Lyon ATP 250 R32 Dominik Hrbatý
6%
2004 Auckland ATP 250 F Dominik Hrbatý
6%
2005 Auckland ATP 250 R32 Dominik Hrbatý
6%
2015 Doha ATP 250 R32 Michael Berrer
6%
2007 Chennai ATP 250 SF Xavier Malisse
6%
2003 US Open Grand Slam R64 Younes el Aynaoui
6%
2004 Cincinnati Masters 1000 R64 Juan Ignacio Chela
5%
2003 Båstad ATP 250 QF Nicolás Lapentti
5%
2004 Palermo ATP 250 R16 Olivier Mutis
3%
2004 Indian Wells Masters 1000 R32 Agustín Calleri
2%
2004 Chennai ATP 250 R32 Thierry Ascione
2%
2004 Madrid Masters 1000 R32 Vincent Spadea
2%
2005 Halle ATP 250 R32 Alexander Waske
0%
2003 Wimbledon Grand Slam R32 Paradorn Sricharphan
0%
No matching quizzes found
Score Distribution
Percent of People with Each Score
Percentile by Number Answered
Your Score History
You have not taken this quiz since the last reset